000 00731nam a2200289Ia 4500
005 20260324111802.0
008 008 260324s9999 xx 000 0 eng d
020 _a9781003632559
037 _aEBOOK
040 _aCRL
040 _beng
040 _cCRL
041 _2eng
041 _aeng
084 _qCRL
100 _aArslan Malikovich Ziganshin; Konstantin Ivanovich Logachev
_91140010
245 0 _aVortex Ventilation
245 0 _bShaped Units of Energy-Saving Ventilation Systems
260 _bTaylor and Francis
260 _c2025
365 _a
365 _b225
856 _uhttp://www.taylorfrancis.com/books/9781003632559
942 _cEBOOK
999 _c1728931
_d1728931